Gut Reaction (Record no. 335043)
[ view plain ]
| 000 -LEADER | |
|---|---|
| fixed length control field | 00522nam a2200097Ia 4500 |
| 008 - FIXED-LENGTH DATA ELEMENTS--GENERAL INFORMATION | |
| fixed length control field | 170517s9999 xx 000 0 und d |
| 245 ## - TITLE STATEMENT | |
| Title | Gut Reaction |
| 300 ## - PHYSICAL DESCRIPTION | |
| Extent | The medical community has long professed the numerous risk factors associated with an unhealthy diet. The foods we eat can play a primary role in determining our vulnerability towards many potentially life-threatening conditions including obesity, high blood pressure, heart... |
| 650 ## - SUBJECT ADDED ENTRY--TOPICAL TERM | |
| General subdivision | Technology. |
| 856 ## - ELECTRONIC LOCATION AND ACCESS | |
| Uniform Resource Identifier | <a href="http://topdocumentaryfilms.com/gut-reaction/">http://topdocumentaryfilms.com/gut-reaction/</a> |
| Withdrawn status | Lost status | Damaged status | Home library | Current library | Date acquired | Total Checkouts | Date last seen | Price effective from | Koha item type |
|---|---|---|---|---|---|---|---|---|---|
| College Library | College Library | 05/17/2017 | 05/17/2017 | 05/17/2017 | Documentary Films |